| 000 | 00601nam a2200217Ia 4500 | ||
|---|---|---|---|
| 005 | 20250506172945.0 | ||
| 008 | 008 250505s9999 xx 000 0 eng d | ||
| 020 | _a9780199237159 | ||
| 037 | _aTB | ||
| 040 |
_aILCL _beng _cILCL |
||
| 041 |
_aeng _2eng |
||
| 082 | _qILCL | ||
| 100 |
_aFreeman,Michael (Ed.) _9754868 |
||
| 245 | 0 | _aLaw and Philosophy: current legal issues - vol 10 | |
| 260 |
_aGreat Britain _bOxford University Press _c2007 |
||
| 300 | _ax,324p. | ||
| 365 | _aINR | ||
| 700 |
_aHarrison, Ross (Ed.) _912469 |
||
| 942 |
_cTB _2Colon Classification |
||
| 999 |
_c1312934 _d1312934 |
||